Vương quốc Phù Nam

LS113

Enregistré dans:
Détails bibliographiques
Auteur principal: Lương, Ninh
Format: Livre
Langue:Undetermined
Publié: H. Đại học Quốc gia Hà Nội 2009
Sujets:
Accès en ligne:http://lrc.tdmu.edu.vn/opac/search/detail.asp?aID=2&ID=4012
Tags: Ajouter un tag
Pas de tags, Soyez le premier à ajouter un tag!
Thư viện lưu trữ: Trung tâm Học liệu Trường Đại học Thủ Dầu Một
LEADER 00768nam a2200205Ia 4500
001 TDMU_4012
008 210410s9999 xx 000 0 und d
082 |a 959.701 
090 |b L9736 
100 |a Lương, Ninh 
245 0 |a Vương quốc Phù Nam 
245 0 |c Lương Ninh 
260 |a H. 
260 |b Đại học Quốc gia Hà Nội 
260 |c 2009 
300 |a 317tr. 
520 |a LS113  |d Lịch sử văn hóa văn minh Việt Nam; LS001  |d Lịch sử Đông Nam Á ; LS076  |d Lịch sử Đông Nam Á cổ trung dại 
650 |a Lịch sử  |y Cổ đại  |z Việt Nam 
856 |u http://lrc.tdmu.edu.vn/opac/search/detail.asp?aID=2&ID=4012 
980 |a Trung tâm Học liệu Trường Đại học Thủ Dầu Một